| 000 | 00803nam a22002537a 4500 | ||
|---|---|---|---|
| 005 | 20160517103727.0 | ||
| 010 | _aENG-115090 | ||
| 020 |
_a9789339223168 _c515.00 |
||
| 020 |
_a9339223160 _c515.00 |
||
| 035 | _aEN-98622 | ||
| 037 | _bDBAD/PUB | ||
| 082 | _a540.76 | ||
| 100 | _aRosenberg, Jerome L. | ||
| 245 |
_aSchaum's outlines college chemistry / _cby Jerome L. Rosenberg, Lawrence M. Epstein [and] Peter J. Krieger |
||
| 250 | _a10th ed | ||
| 260 |
_aNew Delhi _bMcGraw Hill Education _c2015 |
||
| 270 |
_aP-24, Green Park Extension, _bNew Delhi _e110016 |
||
| 300 |
_axi,391p. : _c26cm(pbk) _bill. |
||
| 490 | _aSchaum's outline series | ||
| 500 | _aIncludes index | ||
| 700 | _aEpstein, Lawrence M. | ||
| 700 | _aKrieger, Peter J. | ||
| 942 |
_2ddc _cEN _h540.76 _mROS |
||
| 999 |
_c99911 _d99911 |
||